Carta irlandesa / (Record no. 12836)

MARC details
000 -LEADER
campo de control de longitud fija 00668nam a2200217 i 4500
001 - NÚMERO DE CONTROL
campo de control 12836
003 - IDENTIFICADOR DE NÚMERO DE CONTROL
campo de control ES-MaACL
005 - FECHA Y HORA DE LA ÚLTIMA TRANSACCIÓN
campo de control 20230906150422.0
007 - CAMPO FIJO DE DESCRIPCIÓN FÍSICA--INFORMACIÓN GENERAL
campo de control de longitud fija t|
008 - DATOS DE LONGITUD FIJA--INFORMACIÓN GENERAL
campo de control de longitud fija 960620s1995 sp ||||0| spa j
040 ## - FUENTE DE CATALOGACIÓN
Centro catalogador/agencia de origen M-BN
Lengua de catalogación spa
Centro/agencia transcriptor M-BN
080 ## - NÚMERO DE LA CLASIFICACIÓN DECIMAL UNIVERSAL
Número de la Clasificación Decimal Universal 860-14"19"
100 1# - ENTRADA PRINCIPAL--NOMBRE DE PERSONA
Nombre de persona González-Guerrero, Antonio.
9 (RLIN) 58691
245 10 - MENCIÓN DEL TÍTULO
Título Carta irlandesa /
Mención de responsabilidad, etc. Antonio González-Guerrero.
260 ## - PUBLICACIÓN, DISTRIBUCIÓN, ETC.
Lugar de publicación, distribución, etc. Málaga :
Nombre del editor, distribuidor, etc. A. González-Guerrero,
Fecha de publicación, distribución, etc. 1996 (
Lugar de fabricación/manufactura Málaga :
Fabricante Grafiper)
300 ## - DESCRIPCIÓN FÍSICA
Extensión 21 p. :
Otras características físicas il. ;
Dimensiones 25 cm.
490 1# - MENCIÓN DE SERIE
Mención de serie Aquilea ;
Designación de volumen o secuencia 5
830 0# - PUNTO DE ACCESO ADICIONAL DE SERIE-TÍTULO UNIFORME
Título uniforme Aquilea ;
Designación de volumen o secuencia 5
9 (RLIN) 228342
852 ## - LOCALIZACIÓN
Ubicación ES-MaACL
Número de control de estantería 2151-F-16
Sublocalización o colección R.124908
condición física . - Ded. autógr. del autor
Holdings
Estatus retirado Estado de pérdida Estado de daño No para préstamo Colección Biblioteca de origen Biblioteca actual Ubicación en estantería Fecha de adquisición Fuente de adquisición Total de préstamos Signatura topográfica completa Código de barras Visto por última vez Precio de reemplazo Tipo de ítem Koha
        Colección de folletos Biblioteca del Ateneo de Madrid Biblioteca del Ateneo de Madrid Depósito folletos 17/01/2008     2151-F-16 1013075 23/02/2023 23/02/2023 Folleto